Normal view MARC view

Entry Personal Name

Number of records used in: 2

001 - CONTROL NUMBER

  • control field: 83638

003 - CONTROL NUMBER IDENTIFIER

  • control field: dpl

005 - DATE AND TIME OF LATEST TRANSACTION

  • control field: 20250801160809.0

008 - FIXED-LENGTH DATA ELEMENTS

  • fixed length control field: 250801|| aca||aabn | a|a d

040 ## - CATALOGING SOURCE

  • Original cataloging agency: dpl
  • Transcribing agency: dpl

100 ## - HEADING--PERSONAL NAME

  • Personal name: Shankar, K.S. Dhanya

670 ## - SOURCE DATA FOUND

  • Source citation: Work cat.: (dpl)212816: Shankar, K.S. Dhanya, Viksit Bharat 2047:, 2025

© Delhi Public Library
Hit Counter
free hit counter